000 00617nam a22001817a 4500
005 20251108173317.0
008 250721s2005 xx 000 0 ara d
020 _a9953721505
082 1 4 _a811.01/حزم
100 1 _aابن حزم، أبو محمد علي بن أحمد بن سعيد الظاهري الأندلسي
245 1 0 _aطوق الحمامة في الألفة و الألاف /
264 1 _aبيروت :
_bدار الارقم بن أبي الأرقم،
_c2005.
300 _a320ص.
650 1 7 _aالشعر العربي
650 1 7 _aالحب(عواطف)
942 _2ddc
_cBK
999 _c100963
_d100963